Personnage principaux gentils de Wakfu - Statistiques

Statistiques générales
  • Ce quiz a été pris 649 fois
  • Le résultat moyen est 5 sur 6
Statistiques - réponses
Réponses % Correct
Yugo
98%
Amalia
91%
Tristepin
88%
Evangéline
82%
Ruel
78%
Adamaï
66%
Aucun quiz correspondant
Distribution des résultats
% des personnes avec chaque résultat
Percentile par nombre de réponses
Votre historique - résultats
Vous n’avez pas pris ce quiz